ეკოლოგიური ტურიზმის განვითარების სტრატეგიების ფორმირება : (ბიბ.ჩანაწერი № 42056)
[ მარტივი ფორმატი ]
| 000 -ლიდერი | |
|---|---|
| ფიქსირებული სიგრძის საკონტროლო ველი | 01161nam a2200253Ia 4500 |
| 001 - საკონტროლო ნომერი | |
| საკონტროლო ველი | 8746 |
| 003 - საკონტროლო ნომრის იდენტიფიკატორი | |
| საკონტროლო ველი | GE_BSU |
| 005 - ბოლო ოპერაციის თარიღი და დრო | |
| საკონტროლო ველი | 20211119120021.0 |
| 008 - ფიქსირებული სიგრძის მონაცემთა ელემენტები - ზოგადი ინფორმაცია | |
| ფიქსირებული სიგრძის საკონტროლო ველი | 181216s2014||||ge |||||||||||||| ||geo|| |
| 020 ## - წიგნის საერთაშორისო სტანდარტული ნომერი | |
| International Standard Book Number | 9789941222139 |
| 040 ## - კატალოგიზაციის წყარო | |
| Transcribing agency | GE_BSU |
| 041 ## - ენის კოდი | |
| Language code of text/sound track or separate title | geo |
| 080 ## - უნივერსალური ათობითი კლასიფიკაციის ინდექსი | |
| Universal Decimal Classification number | 338.48-6(075.8) გ–59 |
| 100 ## - მთავარი ჩანაწერი - პიროვნების სახელი | |
| Personal name | გოგელია, მამუკა |
| 9 (RLIN) | 11604 |
| 245 ## - ცნობა სათაურის შესახებ | |
| Title | ეკოლოგიური ტურიზმის განვითარების სტრატეგიების ფორმირება : |
| Remainder of title | მონოგრაფია / |
| Statement of responsibility, etc | მამუკა გოგელია ; რედ. როსტომ ბერიძე. |
| 264 ## - წარმოების, გამოცემის, დისტრიბუციის და სხვა ცნობები | |
| გამოცემის, წარმოების, დისტრიბუციის... ადგილი | თბილისი: |
| გამოცემის, წარმოების, დისტრიბუციის... სახელწოდება | უნივერსალი, |
| გამოცემის, წარმოების, დისტრიბუციის... თარიღი | 2014. |
| 300 ## - ფიზიკური აღწერა | |
| Accompanying material | 202 გვ. : |
| Extent | ცხრ. ; |
| Other physical details | 20 სმ. |
| 501 ## - შენიშვნა თანმხლებ მასალაზე | |
| With note | დანართები: გვ. 181-202. |
| 504 ## - BIBLIOGRAPHY, ETC. NOTE | |
| Bibliography, etc | ბიბლიოგრ.: გვ. 172-180. |
| 653 ## - INDEX TERM--UNCONTROLLED | |
| Uncontrolled term | ეკოლოგიური ტურიზმი |
| 653 ## - INDEX TERM--UNCONTROLLED | |
| Uncontrolled term | სახელმძღვანელო |
| 700 ## - ADDED ENTRY--PERSONAL NAME | |
| Personal name | ბერიძე, როსტომ |
| Relator term | რედაქტორი |
| 9 (RLIN) | 1686 |
| 942 ## - ADDED ENTRY ELEMENTS (KOHA) | |
| Koha item type | წიგნი |
| Source of classification or shelving scheme | |
| ჩამოწერის სტატუსი | დაკარგული ეგზემპლარის სტატუსი | კლასიფიკაციის წყარო ან თაროზე გაწყობის სქემა | დაზიანების სტატუსი | არ გაიცემა | მუდმივი მდებარეობა (დაცვის ადგილი) | ამჟამინდელი ადგილსამყოფელი | თაროზე განთავსების ადგილი | შეძენის თარიღი | ღირებულება, შესყიდვის ნორმალური ფასი | სრული შენახვის შიფრი | შტრიხკოდი | ბოლო ოპერაციის თარიღი | ეგზემპლარის მიმდევრობითი ნომერი (კეტერი?) | ფასის ძალაში შესვლის თარიღი | ეგზემპლარის სახეობა | საჯარო შენიშვნა |
|---|---|---|---|---|---|---|---|---|---|---|---|---|---|---|---|---|
| აგრარული და მემბრანული ტექნოლოგიების ინსტიტუტის ბიბლიოთეკა | აგრარული და მემბრანული ტექნოლოგიების ინსტიტუტის ბიბლიოთეკა | წიგნსაცავი | 2024-12-06 | 10.00 | 338.48-6(075.8) გ–59 | 69937 | 2024-12-06 | 69937 | 2024-12-06 | წიგნი | 10.00 | |||||
| ბათუმის შოთა რუსთაველის სახელმწიფო უნივერსიტეტის მთავარი ბიბლიოთეკა | ბათუმის შოთა რუსთაველის სახელმწიფო უნივერსიტეტის მთავარი ბიბლიოთეკა | წიგნსაცავი | 2018-12-17 | 10.00 | 338.48-6(075.8) გ–59 | 26729 | 2018-12-17 | 26729 | 2018-12-17 | წიგნი | 10.00 ₾. | |||||
| ბათუმის შოთა რუსთაველის სახელმწიფო უნივერსიტეტის მთავარი ბიბლიოთეკა | ბათუმის შოთა რუსთაველის სახელმწიფო უნივერსიტეტის მთავარი ბიბლიოთეკა | წიგნსაცავი | 2018-12-17 | 10.00 | 338.48-6(075.8) გ–59 | 26730 | 2018-12-17 | 26730 | 2018-12-17 | წიგნი | 10.00 ₾. | |||||
| ბათუმის შოთა რუსთაველის სახელმწიფო უნივერსიტეტის მთავარი ბიბლიოთეკა | ბათუმის შოთა რუსთაველის სახელმწიფო უნივერსიტეტის მთავარი ბიბლიოთეკა | წიგნსაცავი | 2018-12-17 | 10.00 | 338.48-6(075.8) გ–59 | 26731 | 2018-12-17 | 26731 | 2018-12-17 | წიგნი | 10.00 ₾. | |||||
| ბათუმის შოთა რუსთაველის სახელმწიფო უნივერსიტეტის მთავარი ბიბლიოთეკა | პროფესიული პროგრამების მართვის და უწყვეტი განათლების ცენტრის ბიბლიოთეკა | წიგნსაცავი | 2022-06-30 | 10.00 | 338.48-6(075.8) გ–59 | 62927 | 2022-06-30 | 62927 | 2022-06-30 | წიგნი | 10.00 | |||||
| ბათუმის შოთა რუსთაველის სახელმწიფო უნივერსიტეტის მთავარი ბიბლიოთეკა | პროფესიული პროგრამების მართვის და უწყვეტი განათლების ცენტრის ბიბლიოთეკა | წიგნსაცავი | 2022-06-30 | 10.00 | 338.48-6(075.8) გ–59 | 62928 | 2022-06-30 | 62928 | 2022-06-30 | წიგნი | 10.00 |
